| 000 | 01102nam a22002057a 4500 | ||
|---|---|---|---|
| 999 |
_c59124 _d59124 |
||
| 003 | Ge_BSU | ||
| 005 | 20221129095935.0 | ||
| 008 | 221129s1974ge xxu||||| |||| 00| 0 geo d | ||
| 041 | _ageo | ||
| 080 | _a821.134.3(81)-31 კ-38 | ||
| 100 |
_aესა დე კეიროში, ჟოზე მარია, 1846-1900, ავტორი. _916172 |
||
| 245 |
_aპადრე ამაროს დანაშაული : _b[პორტუგალელი მწერლის რომანი] / _cჟოზე მარია ესა დე კეიროში ; თარგმ. და წინასიტყვ. ნ. სამუკაშვილისა. |
||
| 250 | _a1-ლი გამოც. | ||
| 264 |
_aთბილისი : _bმერანი, _c1974. |
||
| 300 |
_a507 გვ. ; _b21 სმ. |
||
| 653 | _aპადრე ამაროს დანაშაული | ||
| 653 | _a რომანი | ||
| 700 |
_aსამუკაშვილი, ნ _e თარგმანი და წინასიტყვაობა _916173 |
||
| 942 |
_2udc _cBK |
||